[Event "Balears-ch Amateurs"]
[Site "Palma de Mallorca"]
[Date "2016.03.26"]
[Round "4"]
[White "Baldo Company, Jordi"]
[Black "Alemany Jara, Alejandro"]
[Result "0-1"]
[WhiteElo "1686"]
[BlackElo "1981"]
[PlyCount "112"]
[EventDate "2016.03.24"]
[EventType "swiss"]
[EventRounds "6"]
[EventCountry "ESP"]
[SourceTitle "CBM 171 Extra"]
[Source "ChessBase"]
[SourceDate "2016.04.26"]
[SourceVersion "1"]
[SourceVersionDate "2016.04.26"]
[SourceQuality "1"]

1. d4 Nf6 2. Nf3 g6 3. g3 Bg7 4. Bg2 0-0 5. 0-0 d6 6. Nbd2 c6 7. e4 Nbd7 8. c3 e5 9. Nc4 Nxe4 10. dxe5 d5 11. Re1 dxc4 12. Rxe4 Nxe5 13. Qxd8 Nxf3+ 14. Bxf3 Rxd8 15. Rxc4 Be6 16. Rb4 Rd7 17. Be3 Bf6 18. a3 a6 19. Rd1 Rad8 20. Rxd7 Rxd7 21. Bg4 a5 22. Re4 Bxg4 23. Rxg4 Rd1+ 24. Kg2 Rb1 25. b4 axb4 26. cxb4 Ra1 27. Bd4 Bxd4 28. Rxd4 Rxa3 29. Rd8+ Kg7 30. Rb8 b5 31. Rc8 Rb3 32. Rxc6 Rxb4 33. Rb6 Rb2 34. Kf3 b4 35. Ke3 b3 36. h4 Rb1 37. Ke2 b2 38. Kf3 h5 39. Ke2 Kf8 40. Rb7 Ke8 41. Kf3 f6 42. Ke2 Kd8 43. Kf3 Kc8 44. Rb6 Kc7 45. Rb5 Kc6 46. Rb8 Kd5 47. Ke2 Kd4 48. Rd8+ Ke4 49. Re8+ Kf5 50. Rb8 Kg4 51. Rb4+ Kh3 52. Kf3 Kh2 53. Rb6 g5 54. hxg5 fxg5 55. Rb5 g4+ 56. Ke2 Kg2 0-1

[Event "Balears-ch Amateurs"]
[Site "Palma de Mallorca"]
[Date "2016.03.25"]
[Round "2"]
[White "Alemany Jara, Alejandro"]
[Black "Garcia Delgado Varela, Antonio"]
[Result "1/2-1/2"]
[WhiteElo "1981"]
[BlackElo "1791"]
[PlyCount "67"]
[EventDate "2016.03.24"]
[EventType "swiss"]
[EventRounds "6"]
[EventCountry "ESP"]
[SourceTitle "CBM 171 Extra"]
[Source "ChessBase"]
[SourceDate "2016.04.26"]
[SourceVersion "1"]
[SourceVersionDate "2016.04.26"]
[SourceQuality "1"]

1. d4 Nf6 2. Nf3 c5 3. c3 e6 4. Bf4 Nc6 5. e3 d5 6. Nbd2 Bd6 7. Ne5 0-0 8. Bd3 Ne7 9. h3 Qc7 10. Ndf3 Ng6 11. Bh2 Nd7 12. Nxg6 hxg6 13. Bxd6 Qxd6 14. h4 e5 15. dxe5 Nxe5 16. Nxe5 Qxe5 17. h5 Bf5 18. Bxf5 gxf5 19. Qf3 d4 20. 0-0 dxe3 21. fxe3 g6 22. Rad1 Rad8 23. hxg6 fxg6 24. Qh3 Kg7 25. Qf3 Kg8 26. Qf4 Qxf4 27. exf4 Kf7 28. Rfe1 Rxd1 29. Rxd1 Ke7 30. Kf2 Rd8 31. Rxd8 Kxd8 32. Ke3 Kd7 33. Kd3 b5 34. b3 1/2-1/2

[Event "Palma de Mallorca op 4th"]
[Site "Palma de Mallorca"]
[Date "2009.11.25"]
[Round "6"]
[White "Munar Mut, Antoni"]
[Black "Alemany Jara, Alejandro"]
[Result "0-1"]
[WhiteElo "2032"]
[BlackElo "1789"]
[PlyCount "82"]
[EventDate "2009.11.21"]
[EventType "swiss"]
[EventRounds "9"]
[EventCountry "ESP"]
[SourceTitle "EXT 2011"]
[Source "ChessBase"]
[SourceDate "2010.11.26"]
[SourceVersion "1"]
[SourceVersionDate "2010.11.26"]
[SourceQuality "1"]

1. e4 e5 2. Nf3 Nc6 3. Bb5 Bc5 4. Bxc6 dxc6 5. 0-0 Bg4 6. d3 Qe7 7. Nbd2 Nf6 8. h3 Bh5 9. Nb3 Bb6 10. Qe2 Nd7 11. Be3 f6 12. Bxb6 Nxb6 13. a4 a6 14. Qe3 Nd7 15. Rfe1 Bf7 16. d4 0-0-0 17. dxe5 fxe5 18. Qa7 Bxb3 19. cxb3 g5 20. Red1 Nb8 21. Qe3 Rdg8 22. Qc3 Re8 23. b4 h5 24. Rd3 g4 25. Ne1 Ref8 26. Rad1 Qf6 27. Qc5 b6 28. Qe3 gxh3 29. Qxh3+ Kb7 30. Nf3 Rhg8 31. Qxh5 Qg7 32. g3 Rh8 33. Qxe5 Qg4 34. Qg5 Qh3 35. Nh4 Rfg8 36. Qf5 Qxh4 37. Kf1 Qe7 38. b5 Rf8 39. bxc6+ Nxc6 40. Qd7 Qc5 41. R3d2 Rh1+ 0-1

[Event "Palma de Mallorca op 4th"]
[Site "Palma de Mallorca"]
[Date "2009.11.24"]
[Round "5"]
[White "Alemany Jara, Alejandro"]
[Black "Abadia Pascual, Luis"]
[Result "1/2-1/2"]
[WhiteElo "1789"]
[BlackElo "1929"]
[PlyCount "66"]
[EventDate "2009.11.21"]
[EventType "swiss"]
[EventRounds "9"]
[EventCountry "ESP"]
[SourceTitle "EXT 2011"]
[Source "ChessBase"]
[SourceDate "2010.11.26"]
[SourceVersion "1"]
[SourceVersionDate "2010.11.26"]
[SourceQuality "1"]

1. e4 e6 2. d4 d5 3. e5 c5 4. c3 Nc6 5. Nf3 Qb6 6. a3 Nh6 7. b4 cxd4 8. cxd4 Nf5 9. Bb2 Be7 10. Bd3 a5 11. Bxf5 exf5 12. Nc3 Be6 13. b5 a4 14. Rb1 Na5 15. Bc1 Nc4 16. 0-0 Qa5 17. Qc2 0-0 18. Nd2 Rfc8 19. Nxc4 Rxc4 20. Bd2 Bxa3 21. Ra1 Bb4 22. Rfc1 Bxc3 23. Bxc3 Qxb5 24. Qd2 Rac8 25. Rcb1 Qc6 26. Bb2 b5 27. Ba3 Bd7 28. Bc5 Qg6 29. h3 h6 30. Qe2 Rb8 31. Qd2 Qc6 32. Qe1 f4 33. Qd1 Ra8 1/2-1/2

[Event "Palma de Mallorca op 4th"]
[Site "Palma de Mallorca"]
[Date "2009.11.21"]
[Round "1"]
[White "Mascaro March, Pedro"]
[Black "Alemany Jara, Alejandro"]
[Result "1-0"]
[WhiteElo "2369"]
[BlackElo "1789"]
[PlyCount "71"]
[EventDate "2009.11.21"]
[EventType "swiss"]
[EventRounds "9"]
[EventCountry "ESP"]
[SourceTitle "EXT 2011"]
[Source "ChessBase"]
[SourceDate "2010.11.26"]
[SourceVersion "1"]
[SourceVersionDate "2010.11.26"]
[SourceQuality "1"]

1. d4 Nf6 2. c4 g6 3. Nc3 Bg7 4. e4 d6 5. h3 0-0 6. Bg5 Nbd7 7. Bd3 c5 8. d5 Qa5 9. Nf3 h6 10. Bd2 Qc7 11. 0-0 a6 12. Re1 Rb8 13. Qc2 b5 14. cxb5 c4 15. Bf1 axb5 16. a4 bxa4 17. Nxa4 Ba6 18. Be3 Bb5 19. Nd4 Bxa4 20. Rxa4 Qb7 21. Rb1 Nc5 22. Rxc4 Ncxe4 23. Nc6 Ra8 24. Rxe4 Nxe4 25. Qxe4 Rfe8 26. b4 Rac8 27. b5 h5 28. Rc1 Ra8 29. b6 Rac8 30. Nxe7+ Rxe7 31. Rxc8+ Kh7 32. Qc4 Rxe3 33. fxe3 Qxb6 34. Re8 Bh6 35. Qe4 Qa7 36. Re7 1-0

[Event "ESP-ch 74th"]
[Site "Palma de Mallorca"]
[Date "2009.10.03"]
[Round "8"]
[White "Lorente Penalva, Diego"]
[Black "Alemany Jara, Alejandro"]
[Result "1-0"]
[WhiteElo "2120"]
[BlackElo "1766"]
[PlyCount "57"]
[EventDate "2009.09.26"]
[EventType "swiss"]
[EventRounds "9"]
[EventCountry "ESP"]
[SourceTitle "CBM 132 Extra"]
[Source "ChessBase"]
[SourceDate "2009.11.03"]
[SourceVersion "1"]
[SourceVersionDate "2009.11.03"]
[SourceQuality "1"]

1. e4 e6 2. d4 d5 3. e5 c5 4. c3 Nc6 5. Nf3 Qb6 6. Bd3 Bd7 7. 0-0 cxd4 8. cxd4 Nge7 9. Nbd2 Nf5 10. Bxf5 exf5 11. Nb3 Be7 12. Bg5 Bxg5 13. Nxg5 h6 14. e6 Bxe6 15. Nxe6 fxe6 16. Qh5+ Ke7 17. Qg6 Rag8 18. Rfe1 Nd8 19. Nc5 h5 20. Qxf5 Qd6 21. Qg5+ Kf7 22. Re3 b6 23. Rf3+ Ke8 24. Qg6+ Ke7 25. Nb7 Qd7 26. Nxd8 Kxd8 27. Rf7 Qe8 28. Qg5+ Kc8 29. Qc1+ 1-0

[Event "Palma de Mallorca op 3rd"]
[Site "Palma de Mallorca"]
[Date "2008.12.14"]
[Round "9"]
[White "Alemany Jara, Alejandro"]
[Black "Megias Ortiz, Vicente Manuel"]
[Result "0-1"]
[WhiteElo "1717"]
[BlackElo "2105"]
[PlyCount "66"]
[EventDate "2008.12.06"]
[EventType "swiss"]
[EventRounds "9"]
[EventCountry "ESP"]
[SourceTitle "CBM 127 Extra"]
[Source "ChessBase"]
[SourceDate "2009.01.08"]
[SourceVersion "2"]
[SourceVersionDate "2009.01.28"]
[SourceQuality "1"]

1. e4 d6 2. d4 g6 3. f4 Bg7 4. Nf3 Nd7 5. Nc3 c5 6. Be3 cxd4 7. Nxd4 Ngf6 8. Nb3 0-0 9. h3 a5 10. a4 Nh5 11. Qf3 Qc7 12. Bd2 Nc5 13. Nxc5 Qxc5 14. g4 Nf6 15. f5 Bd7 16. h4 Bc6 17. Bd3 Nd7 18. h5 Ne5 19. Qh3 gxf5 20. gxf5 Kh8 21. Ra3 Bf6 22. Kd1 Nxd3 23. cxd3 Rg8 24. Qh2 Rg4 25. Re1 Rag8 26. Be3 Qb4 27. Qc2 Rg2 28. Bd2 Qc5 29. Qb3 Qf2 30. Ne2 Rh2 31. h6 Rg1 32. Qc2 Qxe2+ 33. Kc1 Rxe1+ 0-1

[Event "Palma de Mallorca op 3rd"]
[Site "Palma de Mallorca"]
[Date "2008.12.12"]
[Round "7"]
[White "Alemany Jara, Alejandro"]
[Black "Navarro Lopez Menchero, Daniel"]
[Result "0-1"]
[WhiteElo "1717"]
[BlackElo "2076"]
[PlyCount "130"]
[EventDate "2008.12.06"]
[EventType "swiss"]
[EventRounds "9"]
[EventCountry "ESP"]
[SourceTitle "CBM 127 Extra"]
[Source "ChessBase"]
[SourceDate "2009.01.08"]
[SourceVersion "2"]
[SourceVersionDate "2009.01.28"]
[SourceQuality "1"]

1. e4 c5 2. Nf3 d6 3. Bb5+ Bd7 4. Bxd7+ Qxd7 5. 0-0 Nc6 6. c3 Nf6 7. Re1 e6 8. d4 cxd4 9. cxd4 Be7 10. Nc3 0-0 11. Bf4 d5 12. exd5 Nxd5 13. Nxd5 Qxd5 14. a3 Rfd8 15. Be3 Bf6 16. Qe2 Nxd4 17. Nxd4 Bxd4 18. Rad1 Qc5 19. Qd3 e5 20. Bxd4 Rxd4 21. Qb3 b6 22. Rc1 Qd6 23. Qc2 Rd8 24. h3 g6 25. Qb3 Rd2 26. Qc3 Qf6 27. Rf1 Qf4 28. Qc7 R8d7 29. Qc8+ Kg7 30. Qe8 Rd8 31. Qe7 R2d7 32. Qb4 Qxb4 33. axb4 Rd2 34. Rfe1 R8d5 35. Rc7 Rxb2 36. Rxa7 Rxb4 37. Rc1 e4 38. g4 Rd6 39. Re1 Re6 40. f3 e3 41. Ra2 Rb3 42. Rae2 b5 43. Kg2 b4 44. f4 Rc3 45. Rb1 b3 46. Kf3 f5 47. gxf5 gxf5 48. Rbb2 Kf7 49. Rb1 Ke7 50. h4 Kd6 51. Rd1+ Kc7 52. Rb1 Kc6 53. Rbb2 Kc5 54. Rb1 Kc4 55. h5 Rc2 56. Rxe3 Rxe3+ 57. Kxe3 Kc3 58. Rd1 b2 59. Rd8 b1Q 60. Rc8+ Kb2 61. Rb8+ Kc1 62. Rxb1+ Kxb1 63. Kd4 Rh2 64. h6 Rxh6 65. Ke5 Rh5 0-1

[Event "Palma de Mallorca op 3rd"]
[Site "Palma de Mallorca"]
[Date "2008.12.10"]
[Round "5"]
[White "Planas Gene, Juan"]
[Black "Alemany Jara, Alejandro"]
[Result "1-0"]
[WhiteElo "2184"]
[BlackElo "1717"]
[PlyCount "75"]
[EventDate "2008.12.06"]
[EventType "swiss"]
[EventRounds "9"]
[EventCountry "ESP"]
[SourceTitle "CBM 127 Extra"]
[Source "ChessBase"]
[SourceDate "2009.01.08"]
[SourceVersion "2"]
[SourceVersionDate "2009.01.28"]
[SourceQuality "1"]

1. d4 Nf6 2. c4 g6 3. Nc3 Bg7 4. e4 d6 5. Nf3 0-0 6. Be2 e5 7. 0-0 Nc6 8. d5 Ne7 9. b4 Nd7 10. Be3 b6 11. Qb3 Kh8 12. Nd2 f5 13. f3 f4 14. Bf2 g5 15. c5 Nf6 16. Rac1 Ng6 17. cxd6 cxd6 18. Nb5 Rf7 19. Rc6 Ne8 20. Rfc1 Bd7 21. R6c2 Bxb5 22. Bxb5 Nf6 23. Ba6 Ne7 24. Qa4 g4 25. Bb7 Rb8 26. Qxa7 Nexd5 27. Qxb8 Qxb8 28. Rc8+ Rf8 29. Rxb8 Rxb8 30. Bxd5 Nxd5 31. exd5 gxf3 32. gxf3 h6 33. Ne4 Ra8 34. Rc2 Rb8 35. Nxd6 Bf8 36. Nf7+ Kg8 37. Nxe5 Bxb4 38. Nc6 1-0

[Event "Palma de Mallorca op 3rd"]
[Site "Palma de Mallorca"]
[Date "2008.12.08"]
[Round "3"]
[White "Schenk Papke, Andres"]
[Black "Alemany Jara, Alejandro"]
[Result "0-1"]
[WhiteElo "2088"]
[BlackElo "1717"]
[PlyCount "96"]
[EventDate "2008.12.06"]
[EventType "swiss"]
[EventRounds "9"]
[EventCountry "ESP"]
[SourceTitle "CBM 127 Extra"]
[Source "ChessBase"]
[SourceDate "2009.01.08"]
[SourceVersion "2"]
[SourceVersionDate "2009.01.28"]
[SourceQuality "1"]

1. d4 Nf6 2. Nc3 g6 3. e4 d6 4. f4 Bg7 5. Nf3 0-0 6. Bd3 Nbd7 7. e5 Ne8 8. 0-0 c5 9. Be3 cxd4 10. Bxd4 dxe5 11. fxe5 a6 12. Qe2 e6 13. Ne4 Qc7 14. Rad1 b6 15. b4 Qb8 16. c4 Nc7 17. Nd6 Ne8 18. c5 bxc5 19. bxc5 Qc7 20. Kh1 Bb7 21. Nxb7 Qxb7 22. Be4 Qc8 23. Bxa8 Qxa8 24. Bg1 Qc6 25. Nd4 Qc8 26. Nf3 Qc6 27. Rxd7 Qxd7 28. Qxa6 Nc7 29. Qd6 Qc8 30. Rb1 Nd5 31. Bd4 Rd8 32. a4 Rxd6 33. exd6 Bxd4 34. Nxd4 Qxc5 35. Nb5 Nf6 36. h3 Qc2 37. Ra1 Qb2 38. Rd1 Nd7 39. Kg1 Qa2 40. Rd4 e5 41. Rb4 e4 42. Kf1 e3 43. Rf4 g5 44. Rf3 Qxa4 45. Nc3 Qa1+ 46. Ke2 Qxc3 47. Rxe3 Qb2+ 48. Kf3 Qf6+ 0-1